|
|
|
|
| LEADER |
02903nam a2200529 i 4500 |
| 001 |
38882 |
| 003 |
BD-DhAAL |
| 005 |
20240901104603.0 |
| 008 |
220613t2019 nyua b 001 0 eng d |
| 010 |
|
|
|a 2018939693
|
| 020 |
|
|
|a 1319114709
|
| 020 |
|
|
|a 9781319114701
|
| 020 |
|
|
|a 9781464189784
|q paperback
|
| 020 |
|
|
|a 1464189781
|q paperback
|
| 020 |
|
|
|a 9781319498658
|q International edition
|
| 020 |
|
|
|a 1319498655
|q International edition
|
| 020 |
|
|
|a 9781319495282
|c Student edition
|q paperback
|
| 020 |
|
|
|a 1319495281
|c Student edition
|q paperback
|
| 040 |
|
|
|a DLC
|b eng
|e rda
|c DLC
|d DLC
|d BD-DhAAL
|
| 042 |
|
|
|a pcc
|
| 050 |
0 |
0 |
|a QR181
|b .K83 2019
|
| 082 |
0 |
0 |
|a 616.079
|2 23
|
| 245 |
1 |
0 |
|a Kuby immunology /
|c Jenni Punt ... [et al.].
|
| 246 |
1 |
0 |
|a Immunology
|
| 250 |
|
|
|a Eighth edition.
|
| 264 |
|
1 |
|a New York :
|b Macmillan Education,
|c c2019, c2023.
|
| 300 |
|
|
|a xxviii, 805 pages,
|a xxviii, 798 pages :
|b illustrations (chiefly color) ;
|c 28 cm.
|
| 500 |
|
|
|a Judy A. Owen was first author on previous edition.
|
| 504 |
|
|
|a Includes bibliographical references and index.
|
| 526 |
|
|
|a MNS
|
| 541 |
|
|
|a Karim International
|e 38882, 39318, 39319, 39320, 39321
|
| 650 |
|
0 |
|a Immunology.
|9 49237
|
| 650 |
|
0 |
|a Immune system.
|9 49238
|
| 650 |
|
0 |
|a Applied sciences.
|9 49243
|
| 650 |
|
0 |
|a Mathematics.
|
| 700 |
1 |
|
|a Punt, Jenni,
|e author.
|9 49239
|
| 700 |
1 |
|
|a Stranford, Sharon A.,
|e author.
|9 49240
|
| 700 |
1 |
|
|a Jones, Patricia P.,
|e author.
|9 49241
|
| 700 |
1 |
|
|a Owen, Judith A.,
|e author.
|9 49242
|
| 852 |
|
|
|a Ayesha Abed Library
|c General Stacks
|
| 942 |
|
|
|2 ddc
|c BK
|
| 999 |
|
|
|c 44356
|d 44356
|
| 952 |
|
|
|0 0
|1 0
|2 ddc
|4 1
|6 616_079000000000000_KUB
|7 0
|9 70857
|a BRACUL
|b BRACUL
|c SPS
|d 2022-06-08
|e Karim International
|g 8790.00
|l 3
|o 616.079 KUB
|p 3010038882
|r 2024-12-04
|s 2024-12-04
|t 1
|v 8790.00
|w 2022-06-08
|y 1HOUR
|x Photocopy Book. Declared as Damaged on December 10, 2023
|
| 952 |
|
|
|0 0
|1 0
|2 ddc
|4 0
|6 616_079000000000000_KUB
|7 0
|9 71586
|a BRACUL
|b BRACUL
|c GEN
|d 2022-08-04
|e Karim International
|g 8790.00
|l 17
|m 85
|o 616.079 KUB
|p 3010039318
|q 2026-04-07
|r 2026-03-04
|s 2026-03-04
|t 2
|v 8790.00
|w 2022-08-04
|y BK
|
| 952 |
|
|
|0 0
|1 0
|2 ddc
|4 0
|6 616_079000000000000_KUB
|7 0
|9 71587
|a BRACUL
|b BRACUL
|c GEN
|d 2022-08-04
|e Karim International
|g 8790.00
|l 17
|m 125
|o 616.079 KUB
|p 3010039321
|q 2026-05-19
|r 2026-02-23
|s 2026-02-23
|t 5
|v 8790.00
|w 2022-08-04
|y BK
|
| 952 |
|
|
|0 0
|1 0
|2 ddc
|4 0
|6 616_079000000000000_KUB
|7 0
|9 71588
|a BRACUL
|b BRACUL
|c GEN
|d 2022-08-04
|e Karim International
|g 8790.00
|l 16
|m 86
|o 616.079 KUB
|p 3010039319
|q 2026-05-21
|r 2026-02-24
|s 2026-02-24
|t 3
|v 8790.00
|w 2022-08-04
|y BK
|
| 952 |
|
|
|0 0
|1 0
|2 ddc
|4 0
|6 616_079000000000000_KUB
|7 0
|9 71589
|a BRACUL
|b BRACUL
|c GEN
|d 2022-08-04
|e Karim International
|g 8790.00
|l 15
|m 122
|o 616.079 KUB
|p 3010039320
|q 2026-06-02
|r 2026-02-17
|s 2026-02-17
|t 4
|v 8790.00
|w 2022-08-04
|y BK
|x TALUKDER EHASANUL HAQUE IVANE (21309032) lost the book of Accession no. (39320) and replaced with the same edition of the book.
|